| 000 | 00358cam a2200145ua 4500 | ||
|---|---|---|---|
| 041 |
_aeng _h |
||
| 082 |
_a823.301 _bLAR/ST |
||
| 100 | _aLarson, L J . | ||
| 245 |
_aStory Time Vol.4 / _cL J Larson. _hTextual Documents |
||
| 260 |
_a : _bOriental watchman Publishing house , _c1960. |
||
| 300 | _a80 ; . | ||
| 504 | _a | ||
| 942 | _cBK | ||
| 999 |
_c3381 _d3381 |
||